Four Letter Movie Titles Quiz - Statistics

General Stats
  • This quiz has been taken 472 times
  • The average score is 12 of 20
Answer Stats
Description Star Movie % Correct
Giant great white shark has a taste for human flesh Roy Scheider Jaws
96%
Norse God must find his mojo with the help of an attractive astrophysicist Chris Hemsworth Thor
91%
Pig wins a sheep-herding competition James Cromwell Babe
79%
Green giant is not jolly - in fact, he is a product of rage Eric Bana Hulk
79%
Teenage girl gets pregnant after shenanigans with her cross-country runner boyfriend Elliot Page Juno
77%
Middle-aged man learns that he is actually Peter Pan Robin Williams Hook
73%
Hot-shot race-car gets waylaid in Radiator Springs, Arizona Owen Wilson Cars
71%
Openly gay man is first to win election Sean Penn Milk
64%
CIA operatives pretend to be film producers to free Iranian hostages Ben Affleck Argo
63%
On a desert planet, precious spice is harvested from giant worms,somehow making it possible to fold space Timothée Chalamet Dune
63%
The first film by Dreamworks, accused of being a ripoff of Pixar's "A Bug's Life" Woody Allen Antz
60%
Expert video game player goes inside a computer to battle an evil program Jeff Bridges Tron
60%
Wrathful Achilles defeats the noble Hector Brad Pitt Troy
60%
Woman gains superpowers after ingesting a drug that letsher use more than 10% of her brain Scarlett Johansson Lucy
56%
CIA agent goes on the run after a defector accuses her of being a Russian spy Angelina Jolie Salt
48%
Detective tries to stop an intelligent criminal, who has vowed to pull off one last robbery before he retires for good Robert de Niro Heat
45%
Boy who lives alone in Paris train station wants to rebuild an automaton Ben Kingsley Hugo
36%
Extremely undersized player gets the chance to play one meaninglessposession for Notre Dame's football team Sean Astin Rudy
34%
A tongue-in-cheek look at the life of Dick Cheney Christian Bale Vice
32%
The merciless 70s rivalry between F1 rivals James Hunt and Niki Lauda Daniel Brühl Rush
28%
No matching quizzes found
Score Distribution
Percent of People with Each Score
Percentile by Number Answered
Your Score History
You have not taken this quiz